<?xml version="1.0" encoding="UTF-8"?>
<record
    xmlns:xsi="http://www.w3.org/2001/XMLSchema-instance"
    xsi:schemaLocation="http://www.loc.gov/MARC21/slim http://www.loc.gov/standards/marcxml/schema/MARC21slim.xsd"
    xmlns="http://www.loc.gov/MARC21/slim">

  <leader>00488nam a22001577a 4500</leader>
  <controlfield tag="003">LRUA</controlfield>
  <controlfield tag="005">20200114144558.0</controlfield>
  <controlfield tag="008">200114b        xxu||||| |||| 00| 0 eng d</controlfield>
  <datafield tag="040" ind1=" " ind2=" ">
    <subfield code="c">RUA</subfield>
  </datafield>
  <datafield tag="082" ind1=" " ind2=" ">
    <subfield code="a">AED SAT  2016 B657 Or.1</subfield>
  </datafield>
  <datafield tag="100" ind1=" " ind2=" ">
    <subfield code="9">14110</subfield>
    <subfield code="a">SAT CHHENGLY &#x179F;&#x17B6;&#x178F; &#x1788;&#x17C0;&#x1784;&#x179B;&#x17B8; </subfield>
  </datafield>
  <datafield tag="245" ind1=" " ind2=" ">
    <subfield code="a">the study on household livelihood in chulsa commune, chulki district, kampong chhnang province </subfield>
  </datafield>
  <datafield tag="260" ind1=" " ind2=" ">
    <subfield code="a">RUA</subfield>
    <subfield code="b">phnom penh</subfield>
    <subfield code="c">2016</subfield>
  </datafield>
  <datafield tag="300" ind1=" " ind2=" ">
    <subfield code="a">xii;47p</subfield>
    <subfield code="b">ill;</subfield>
    <subfield code="c">29cm</subfield>
  </datafield>
  <datafield tag="942" ind1=" " ind2=" ">
    <subfield code="2">ddc</subfield>
    <subfield code="c">AED</subfield>
  </datafield>
  <datafield tag="999" ind1=" " ind2=" ">
    <subfield code="c">18719</subfield>
    <subfield code="d">18719</subfield>
  </datafield>
  <datafield tag="952" ind1=" " ind2=" ">
    <subfield code="0">0</subfield>
    <subfield code="1">0</subfield>
    <subfield code="2">ddc</subfield>
    <subfield code="4">0</subfield>
    <subfield code="6">AED_SAT_2016_000000000000000_B657_OR_1</subfield>
    <subfield code="7">0</subfield>
    <subfield code="9">83150</subfield>
    <subfield code="a">LBB</subfield>
    <subfield code="b">LBB</subfield>
    <subfield code="c">B657</subfield>
    <subfield code="d">2020-01-14</subfield>
    <subfield code="o">AED SAT  2016 B657 Or.1</subfield>
    <subfield code="p">A43234</subfield>
    <subfield code="r">2020-01-14</subfield>
    <subfield code="w">2020-01-14</subfield>
    <subfield code="y">AED</subfield>
  </datafield>
  <datafield tag="952" ind1=" " ind2=" ">
    <subfield code="0">0</subfield>
    <subfield code="1">0</subfield>
    <subfield code="2">ddc</subfield>
    <subfield code="4">0</subfield>
    <subfield code="6">AED_SAT_2016_000000000000000_B657_OR_2</subfield>
    <subfield code="7">0</subfield>
    <subfield code="9">83151</subfield>
    <subfield code="a">LBB</subfield>
    <subfield code="b">LBB</subfield>
    <subfield code="c">B657</subfield>
    <subfield code="d">2020-01-14</subfield>
    <subfield code="l">1</subfield>
    <subfield code="o">AED SAT  2016 B657 Or.2</subfield>
    <subfield code="p">A42579</subfield>
    <subfield code="r">2025-10-07</subfield>
    <subfield code="s">2025-06-19</subfield>
    <subfield code="w">2020-01-14</subfield>
    <subfield code="y">AED</subfield>
  </datafield>
  <datafield tag="952" ind1=" " ind2=" ">
    <subfield code="0">0</subfield>
    <subfield code="1">0</subfield>
    <subfield code="2">ddc</subfield>
    <subfield code="4">0</subfield>
    <subfield code="6">AED_SAT_2016_000000000000000_B657_OR_3</subfield>
    <subfield code="7">0</subfield>
    <subfield code="9">83152</subfield>
    <subfield code="a">LBB</subfield>
    <subfield code="b">LBB</subfield>
    <subfield code="c">B657</subfield>
    <subfield code="d">2020-01-14</subfield>
    <subfield code="o">AED SAT  2016 B657 Or.3</subfield>
    <subfield code="p">A42799</subfield>
    <subfield code="r">2020-01-14</subfield>
    <subfield code="w">2020-01-14</subfield>
    <subfield code="y">AED</subfield>
  </datafield>
  <datafield tag="952" ind1=" " ind2=" ">
    <subfield code="0">0</subfield>
    <subfield code="1">0</subfield>
    <subfield code="2">ddc</subfield>
    <subfield code="4">0</subfield>
    <subfield code="6">AED_SAT_2016_000000000000000_B657_OR_4</subfield>
    <subfield code="7">0</subfield>
    <subfield code="9">83153</subfield>
    <subfield code="a">LBB</subfield>
    <subfield code="b">LBB</subfield>
    <subfield code="c">B657</subfield>
    <subfield code="d">2020-01-14</subfield>
    <subfield code="o">AED SAT  2016 B657 Or.4</subfield>
    <subfield code="p">A42322</subfield>
    <subfield code="r">2020-01-14</subfield>
    <subfield code="w">2020-01-14</subfield>
    <subfield code="y">AED</subfield>
  </datafield>
  <datafield tag="952" ind1=" " ind2=" ">
    <subfield code="0">0</subfield>
    <subfield code="1">0</subfield>
    <subfield code="2">ddc</subfield>
    <subfield code="4">0</subfield>
    <subfield code="6">AED_SAT_2016_000000000000000_B657_OR_5</subfield>
    <subfield code="7">0</subfield>
    <subfield code="9">83154</subfield>
    <subfield code="a">LBB</subfield>
    <subfield code="b">LBB</subfield>
    <subfield code="c">B657</subfield>
    <subfield code="d">2020-01-14</subfield>
    <subfield code="o">AED SAT  2016 B657 Or.5</subfield>
    <subfield code="p">D43324</subfield>
    <subfield code="r">2020-01-14</subfield>
    <subfield code="w">2020-01-14</subfield>
    <subfield code="y">AED</subfield>
  </datafield>
  <datafield tag="952" ind1=" " ind2=" ">
    <subfield code="0">0</subfield>
    <subfield code="1">0</subfield>
    <subfield code="2">ddc</subfield>
    <subfield code="4">0</subfield>
    <subfield code="6">AED_SAT_2016_000000000000000_B657_OR_6</subfield>
    <subfield code="7">0</subfield>
    <subfield code="9">83155</subfield>
    <subfield code="a">LBB</subfield>
    <subfield code="b">LBB</subfield>
    <subfield code="c">B657</subfield>
    <subfield code="d">2020-01-14</subfield>
    <subfield code="l">4</subfield>
    <subfield code="o">AED SAT  2016 B657 Or.6</subfield>
    <subfield code="p">A42874</subfield>
    <subfield code="r">2026-03-19</subfield>
    <subfield code="s">2026-03-05</subfield>
    <subfield code="w">2020-01-14</subfield>
    <subfield code="y">AED</subfield>
  </datafield>
</record>
